000 00639nam a2200193Ia 4500
008 090124s9999 xx 000 0 und d
082 _b32706
100 _aजोषी दिनकर
245 _a परतुनि ये घनश्याम ...
250 _a1
260 _bश्री प्रकाशन
_c1995
300 _a165
600 _aजोषी दिनकर
630 _a परतुनि ये घनश्याम ...
700 _aभागवत स्मिता
700 _aजोषी दिनकर
730 _a परतुनि ये घनश्याम ...
942 _cBOOK
999 _c98737
_d98737